"Én hiszek valamiben, csak elfelejtettem, mi is az" Cummings szinte minden művében a nyelv mögötti nyelvet, az igazság nyelvét próbálja meg leleplezni-

Podrobná bibliografia
Hlavný autor: Csehy, Zoltán, 1973- (Autor)
Médium: Článok
Jazyk:maďarčina
Fyzický popis:Fotogr.
ISSN:1335-7050
Predmet:

MARC

LEADER 00000nab a2200000 ar4500
001 vtls009187745
003 SK-MaSNL
005 20260319074147.0
008 080229c20080202xo |||||||| 000 b|hun
015 |a SNBRB2008/02  |2 snkbucl 
038 |a SNKBUCL 
040 |a DSZK  |b slo  |c DSZK  |e AACR2 
041 0 |a hun 
044 |a xo  |c SK 
080 |a 78.071.1  |2 1997 
100 1 |a Csehy, Zoltán,  |d 1973-  |4 aut  |9 86541 
245 1 0 |a "Én hiszek valamiben, csak elfelejtettem, mi is az"  |b Cummings szinte minden művében a nyelv mögötti nyelvet, az igazság nyelvét próbálja meg leleplezni-  |c Csehy Zoltán 
300 |b Fotogr. 
600 1 7 |a Cummings, Conrad,  |d 1948-  |x dielo  |2 snkbucl  |9 1031851 
773 0 |t Új szó  |g Évf. 61, sz. 28 (2.2.2008), o. 13  |x 1335-7050 
773 0 8 |i Mell.:  |t Szalon  |g Évf. 2, sz. 5 (2008) 
852 |a SNK  |b KIS3GCP 
852 |a DSZK  |b KIS3GCP 
958 |a HU 
958 |a US 
999 |c 1698481  |d 1700411